Taking the initiative (Record no. 65419)

MARC details
000 -LEADER
fixed length control field 00963cam a2200253 4500
001 - CONTROL NUMBER
control field ABS63159
008 - FIXED-LENGTH DATA ELEMENTS--GENERAL INFORMATION
fixed length control field 000000n2000 000 0 eng u
035 ## - SYSTEM CONTROL NUMBER
System control number (Sirsi) u109581
100 ## - MAIN ENTRY--PERSONAL NAME
Personal name Wagstaff, J
245 ## - TITLE STATEMENT
Title Taking the initiative
260 ## - PUBLICATION, DISTRIBUTION, ETC.
Date of publication, distribution, etc. 2000
490 ## - SERIES STATEMENT
Series statement Housing
Volume/sequential designation November 2000, 44-45(2)
520 ## - SUMMARY, ETC.
Summary, etc. Looks at the development of the Private Finance Initiative (PFI) in the context of housing. Discusses: the growth in Pathfinder projects; the use of public private partnership (PPP); alternative models of PFI from the usual DBFO; government assistance to local authorities; the concepts of risk transfer and value for money. References.
590 ## - LOCAL NOTE (RLIN)
Local note ABS
650 ## - SUBJECT ADDED ENTRY--TOPICAL TERM
Topical term or geographic name entry element PUBLIC PRIVATE PARTNERSHIPS
650 ## - SUBJECT ADDED ENTRY--TOPICAL TERM
Topical term or geographic name entry element PFI
650 ## - SUBJECT ADDED ENTRY--TOPICAL TERM
Topical term or geographic name entry element DBFO
650 ## - SUBJECT ADDED ENTRY--TOPICAL TERM
Topical term or geographic name entry element PRIVATE FINANCE INITIATIVE
650 ## - SUBJECT ADDED ENTRY--TOPICAL TERM
Topical term or geographic name entry element PATHFINDER PROJECTS
650 ## - SUBJECT ADDED ENTRY--TOPICAL TERM
Topical term or geographic name entry element PUBLIC PRIVATE PARTNERSHIP PROGRAMME
650 ## - SUBJECT ADDED ENTRY--TOPICAL TERM
Topical term or geographic name entry element SOCIAL HOUSING
690 ## - LOCAL SUBJECT ADDED ENTRY--TOPICAL TERM (OCLC, RLIN)
Topical term or geographic name as entry element HOUSING
942 ## - ADDED ENTRY ELEMENTS (KOHA)
Suppress in OPAC 0
Holdings
Withdrawn status Lost status Source of classification or shelving scheme Damaged status Not for loan Home library Current library Shelving location Date acquired Total Checkouts Full call number Barcode Date last seen Copy number Price effective from Koha item type
    Dewey Decimal Classification     London London Journal article 29/11/2000   ABS63159 109581-1001 06/08/2019 1 06/08/2019 Journal article